भारतीय दर्शन शास्त्र का इतिहास / (Record no. 602020)
[ view plain ]
| 000 -LEADER | |
|---|---|
| fixed length control field | 01382nam a2200361 a 4500 |
| 001 - CONTROL NUMBER | |
| control field | vtls001284174 |
| 003 - CONTROL NUMBER IDENTIFIER | |
| control field | NLI |
| 005 - DATE AND TIME OF LATEST TRANSACTION | |
| control field | 20210627044424.0 |
| 008 - FIXED-LENGTH DATA ELEMENTS--GENERAL INFORMATION | |
| fixed length control field | 120417s1950 ii 000 0 hin |
| 020 ## - INTERNATIONAL STANDARD BOOK NUMBER | |
| Terms of availability | Rs. 6.50 |
| 039 #9 - LEVEL OF BIBLIOGRAPHIC CONTROL AND CODING DETAIL [OBSOLETE] | |
| -- | 201204171917 |
| -- | VLOAD |
| 040 ## - CATALOGING SOURCE | |
| Original cataloging agency | NLI |
| Language of cataloging | hineng |
| Transcribing agency | Datasoft_Hindi_S |
| Description conventions | AACR2 |
| 041 0# - LANGUAGE CODE | |
| Language code of text/sound track or separate title | hin |
| 044 ## - COUNTRY OF PUBLISHING/PRODUCING ENTITY CODE | |
| MARC country code | ii |
| 082 04 - DEWEY DECIMAL CLASSIFICATION NUMBER | |
| Classification number | 181.49 |
| 100 1# - MAIN ENTRY--PERSONAL NAME | |
| Linkage | 880-01 |
| Personal name | देवराज , न. कि., |
| Titles and words associated with a name | डाँ. |
| 9 (RLIN) | 678056 |
| 245 10 - TITLE STATEMENT | |
| Linkage | 880-02 |
| Title | भारतीय दर्शन शास्त्र का इतिहास / |
| Statement of responsibility, etc. | न. कि. देराज एवं रामानन्द तिवारी |
| 250 ## - EDITION STATEMENT | |
| Edition statement | 2nd ed. |
| 260 ## - PUBLICATION, DISTRIBUTION, ETC. | |
| Place of publication, distribution, etc. | इलाहाबाद : |
| Name of publisher, distributor, etc. | हिन्दुस्तानी एकेडमी, |
| Date of publication, distribution, etc. | 1950 |
| 300 ## - PHYSICAL DESCRIPTION | |
| Extent | 532 p. ; |
| Dimensions | 19 cm. |
| 500 ## - GENERAL NOTE | |
| General note | Library has 2 cops. |
| 650 #0 - SUBJECT ADDED ENTRY--TOPICAL TERM | |
| Topical term or geographic name entry element | Vedanta |
| 650 #0 - SUBJECT ADDED ENTRY--TOPICAL TERM | |
| Topical term or geographic name entry element | Philosophy, Hindu |
| 700 1# - ADDED ENTRY--PERSONAL NAME | |
| Linkage | 880-03 |
| Personal name | तिवारी, रामानन्द, |
| Relationship | सह.लेख |
| 9 (RLIN) | 676448 |
| 880 1# - ALTERNATE GRAPHIC REPRESENTATION | |
| Linkage | 100-01 (B |
| a | Devarāja, N. K., |
| c | Dr |
| 880 10 - ALTERNATE GRAPHIC REPRESENTATION | |
| Linkage | 245-02 (B |
| a | Bhāratīya darśana śāstra kā itihāsa / |
| c | N. K. Devarāja evaṁ Rāmānanda Tivārī |
| 880 ## - ALTERNATE GRAPHIC REPRESENTATION | |
| Linkage | 700-03 (B |
| a | Tivārī, Rāmānanda |
| 4 | jt.aut |
| 887 ## - NON-MARC INFORMATION FIELD | |
| Content of non-MARC field | |
| 901 ## - LOCAL DATA ELEMENT A, LDA (RLIN) | |
| a | 14049 |
| b | 21.02.1963 |
| 902 ## - LOCAL DATA ELEMENT B, LDB (RLIN) | |
| a | H 181.49 D 928 |
| 949 ## - LOCAL PROCESSING INFORMATION (OCLC) | |
| -- | VIRTUAITEM |
| -- | 10000 |
| -- | 100 |
| 6 | DBA000014049HIN |
| 942 ## - ADDED ENTRY ELEMENTS (KOHA) | |
| Source of classification or shelving scheme | Dewey Decimal Classification |
| Koha item type | Books |
| Withdrawn status | Lost status | Damaged status | Not for loan | Collection code | Home library | Current library | Shelving location | Date acquired | Total Checkouts | Full call number | Barcode | Date last seen | Price effective from | Koha item type |
|---|---|---|---|---|---|---|---|---|---|---|---|---|---|---|
| Hindi | National Library of India | National Library of India | Hindi - Book - Main Stack Division | H 181.49 D 928 | DBA000014049HIN | 27/06/2021 | 27/06/2021 | Books |
